00540naa#a2200169#i#4500001001600000005001700016011001400033100004100047102000700088200009600095210005200191215001100243608002700254675004000281700002700321856002200348EN\\bibl\12243020260601123407.1##a1998-6785##a20231221b2023####ek#y0engy0150####ca##aRU1#aTransformation of Australian migration policy during the COVID-19 pandemiceJournal article1#aVladivostokcVladivostok State Universityd2023##a16 с.##aJournal article2local##aВсеобщая история. 94#1aKiselevagAnastasia S.4#aojkum.editorum.ru